000 00460nam a2200181Ia 4500
001 8428
005 20260306160608.0
008 260306t1974||||xx |||||||||||||| ||spa||
041 _aESP
082 _a371
_bM82
100 _aGómez Molleda, María Dolores,
_eAUT
245 0 _aLa escuela problema social :
_ben el centenario de Poveda
260 _c1974
300 _a102 páginas :
_c20 cm.
650 _aGEN
654 _aCED
942 _cLIB
_dJUS
_fJUS
_2ddc
_n
999 _c8428
_d8428